000 00587nam a2200205Ia 4500
005 20260429112208.0
008 260429s9999||||xx |||||||||||||| ||und||
020 _a9789356818200
041 _aEnglish
082 _a320.954
_bGKP
100 _aGKP
245 0 _aNCERT summary Indian polity class 6 to 12 :
_bUPSC IAS state PSCS UPSC-EPFO CDS and CAPF AC exam /
_cGKP
250 _a1st ed.
260 _aHaryana :
_bG K Publications (P) Ltd,
_c2025.
300 _apbk
650 _a Competitive examinations
650 _a Constitution
650 _aIndian polity
942 _cTB
999 _c52837
_d52837